[Event "maryland moors"]
[Site "http://www.queenalice.com/game.php?id=837950"]
[Date "2010.9.25"]
[Round "-"]
[White "ykiraz"]
[Black "marysson"]
[Result "1-0"]
[WhiteElo "1211"]
[BlackElo "1235"]

1. e4 g5 2. Nh3 h6 3. Qh5 Nf6 4. Qe2 g4 5. Nf4 h5 6. f3 Bg7 7. e5 Ng8 8. fxg4 e6
9. gxh5 Bh6 10. Qg4 Qg5 11. Qxg5 Bxg5 12. Ne2 Rxh5 13. Ng3 Rh8 14. Ne4 Be7 15.
Nbc3 d5 16. Ng3 Nh6 17. Nb5 Na6 18. Nh5 1-0

[Event "AUTO-BEG-424"]
[Site "http://www.queenalice.com/game.php?id=838053"]
[Date "2010.9.26"]
[Round "1"]
[White "el_martinez"]
[Black "marysson"]
[Result "1-0"]
[WhiteElo "1239"]
[BlackElo "1218"]

1. e4 d5 2. f3 dxe4 3. fxe4 e5 4. Nc3 Bd6 5. Nf3 Bg4 6. h3 Bxf3 7. Qxf3 Qf6 8.
Nd5 Qxf3 9. gxf3 Ne7 10. d4 Nxd5 11. exd5 Nd7 12. Bb5 a6 13. Bc4 b5 14. Be2 c5
15. dxc5 1-0

[Event "AUTO-BEG-424"]
[Site "http://www.queenalice.com/game.php?id=838054"]
[Date "2010.9.26"]
[Round "1"]
[White "marysson"]
[Black "el_martinez"]
[Result "0-1"]
[WhiteElo "1221"]
[BlackElo "1188"]

1. g4 d5 2. g5 e5 3. h4 f6 4. d3 e4 5. dxe4 dxe4 6. Qxd8+ Kxd8 7. Bg2 f5 8. f3
Nc6 9. f4 Nd4 10. Na3 Bxa3 11. e3 Nxc2+ 0-1

[Event "AUTO-BEG-424"]
[Site "http://www.queenalice.com/game.php?id=838065"]
[Date "2010.9.26"]
[Round "1"]
[White "daddonet"]
[Black "marysson"]
[Result "1-0"]
[WhiteElo "1059"]
[BlackElo "1221"]

1. e4 d5 2. exd5 Qxd5 3. Nc3 Qd8 4. d4 Nf6 5. Nf3 Bg4 6. Be3 Bf5 7. Bd3 Bxd3 8.
Qxd3 e5 9. Nxe5 Qe7 10. O-O-O g6 11. h4 Bg7 12. g4 Nxg4 13. Nxg4 h6 14. Qb5+ Qd7
15. Ne5 Qxb5 16. Nxb5 Na6 17. f4 Bxe5 18. dxe5 c6 19. Nd6+ Kd7 20. Nxf7+ 1-0

[Event "AUTO-BEG-424"]
[Site "http://www.queenalice.com/game.php?id=838066"]
[Date "2010.9.26"]
[Round "1"]
[White "marysson"]
[Black "daddonet"]
[Result "0-1"]
[WhiteElo "1221"]
[BlackElo "1153"]

1. g4 d5 2. g5 e5 3. h4 Nc6 4. Bg2 Be6 5. e4 d4 6. d3 f6 7. Bd2 Bd6 8. Bh3 Bxh3
9. Nxh3 Qe7 10. Qg4 h5 11. Qf5 Qf7 12. g6 Qf8 13. f4 Nge7 14. c3 Nxf5 15. exf5
O-O-O 16. c4 Bb4 17. a3 Bxd2+ 18. Nxd2 exf4 19. Nxf4 Qe7+ 20. Ne4 Na5 21. b4
Nxc4 0-1

[Event "AUTO-BEG-462"]
[Site "http://www.queenalice.com/game.php?id=898517"]
[Date "2011.2.10"]
[Round "1"]
[White "JonathanSouza"]
[Black "marysson"]
[Result "1-0"]
[WhiteElo "1304"]
[BlackElo "1183"]

1. e4 g5 2. d4 h6 3. Nc3 Bg7 4. Bc4 c6 5. d5 cxd5 6. exd5 d6 7. Ne4 Bf5 8. f3
Bxe4 9. fxe4 a6 10. b4 Bxa1 11. Nf3 Be5 12. Nxe5 dxe5 13. d6 Qxd6 14. Bb3 Qxd1+
15. Kxd1 Nf6 16. c4 1-0

[Event "AUTO-BEG-462"]
[Site "http://www.queenalice.com/game.php?id=898518"]
[Date "2011.2.10"]
[Round "1"]
[White "marysson"]
[Black "JonathanSouza"]
[Result "0-1"]
[WhiteElo "1196"]
[BlackElo "1269"]

1. Nc3 e5 2. d4 exd4 3. Qxd4 c5 4. Qd1 Nc6 5. g3 d5 6. Nxd5 Be6 7. Ne3 f5 8.
Qxd8+ Kxd8 9. Bg2 Nf6 10. Bxc6 bxc6 11. Nf3 Nd5 12. Nxd5 Bxd5 13. O-O g5 14.
Nxg5 Be7 15. Bf4 h6 16. Nf3 Bf6 17. c3 a5 0-1

[Event "AUTO-BEG-462"]
[Site "http://www.queenalice.com/game.php?id=898531"]
[Date "2011.2.10"]
[Round "1"]
[White "I_BOSS_BO"]
[Black "marysson"]
[Result "1-0"]
[WhiteElo "1466"]
[BlackElo "1172"]

1. e4 c5 2. Na3 d5 3. Bb5+ Bd7 4. Qf3 e6 5. d3 Bxb5 6. Nxb5 Na6 7. Qf4 Qf6 8.
Qg3 e5 9. Bg5 Qe6 10. Qe3 d4 11. Qd2 Be7 12. h4 Bxg5 13. hxg5 g6 14. c3 b6 15.
Qc2 Qd7 16. Qb3 dxc3 17. Nxc3 Ne7 18. Qa3 Qxd3 19. Rd1 Qc4 20. Nge2 Nb4 21. b3
Nc2+ 22. Kf1 Nxa3 23. bxc4 Nxc4 24. a4 Rd8 25. Rc1 a6 26. f4 Ne3+ 27. Kf2 Nc4
28. Rb1 b5 29. axb5 Nd2 30. Ra1 exf4 31. bxa6 Nc6 32. Ra5 1-0

[Event "AUTO-BEG-462"]
[Site "http://www.queenalice.com/game.php?id=898532"]
[Date "2011.2.10"]
[Round "1"]
[White "marysson"]
[Black "I_BOSS_BO"]
[Result "0-1"]
[WhiteElo "1203"]
[BlackElo "1439"]

1. Nc3 e6 2. e4 Nc6 3. f3 a6 4. d4 Nf6 5. e5 Nh5 6. Be3 Qh4+ 7. Bf2 Qf4 8. Bd3
Bb4 9. Qe2 b5 10. Qe3 Qxd4 11. Qxd4 Nxd4 12. Bxd4 Nf4 13. O-O-O Nxg2 14. Nge2
Bb7 15. Be4 Rb8 16. Nf4 Nh4 17. Bf2 Nxf3 18. Bxf3 Bxf3 19. Rde1 g5 20. Rhg1 gxf4
21. Rg5 Be7 22. Rgg1 h5 23. a3 h4 24. a4 b4 25. Nd1 Rh5 26. Rg8+ Bf8 0-1

[Event "AUTO-BEG-462"]
[Site "http://www.queenalice.com/game.php?id=898539"]
[Date "2011.2.10"]
[Round "1"]
[White "kadu10"]
[Black "marysson"]
[Result "1-0"]
[WhiteElo "1315"]
[BlackElo "1203"]

1. e4 c5 2. Nc3 b6 3. Bc4 Bb7 4. a3 e5 5. Nf3 Nc6 6. d3 g6 7. Ng5 Qf6 8. Nxf7
Be7 9. Nxh8 Qxh8 10. Nd5 Nd8 11. Nxe7 Nxe7 12. O-O Qf6 13. f4 exf4 14. Rxf4 Qd4+
15. Kh1 g5 16. Rf3 h6 17. Qf1 Ne6 18. Bxe6 O-O-O 19. Bg4 Kb8 20. Rf8 Rxf8 21.
Qxf8+ Kc7 22. Qxe7 1-0

[Event "AUTO-BEG-462"]
[Site "http://www.queenalice.com/game.php?id=898540"]
[Date "2011.2.10"]
[Round "1"]
[White "marysson"]
[Black "kadu10"]
[Result "0-1"]
[WhiteElo "1203"]
[BlackElo "1351"]

1. Nc3 c5 2. d4 cxd4 3. Qxd4 Nc6 4. Qd1 e6 5. g3 Bb4 6. Bg2 d5 7. Bd2 Nf6 8. a3
Ba5 9. b4 Bb6 10. b5 Ne7 11. a4 a6 12. Nf3 O-O 13. O-O Bd7 14. Qe1 axb5 15. axb5
Rxa1 16. Qxa1 Qa8 17. Qxa8 Rxa8 18. Ne5 Bc8 19. Bh3 Nd7 20. Nxd7 Bxd7 21. e4
dxe4 22. Nxe4 Bxb5 23. Rb1 Bc6 24. Rxb6 Bxe4 25. Bc3 Nd5 0-1